| 000 | 00370nam a22001337a 4500 | ||
|---|---|---|---|
| 020 | _qPB. | ||
| 040 | _cFIZZA ISHAQ | ||
| 082 |
_a621.38195 _bALA |
||
| 100 |
_aSCHOFER, W. RONALD OPENHEIN V. ALAN. _986852 |
||
| 245 |
_aDIGITAL SIGNAL PROCESSING / _cALAN V. OPENHEIN RONALD W. SCHOFER. |
||
| 260 |
_aNEW DEHI : _bPEARSON, _c2015. |
||
| 300 | _a585 P. ; | ||
| 942 |
_2ddc _cBK |
||
| 999 |
_c587433 _d587433 |
||